Za moderný prístup k didaktike francúzskych reálií

Francúzske reálie. Miesto reálií vo francúzskych učebniciach. Za nový prístup k didaktike reálií. Dotazníkový prieskum o výučbe francúzskych reálií.

Gespeichert in:
Bibliographische Detailangaben
1. Verfasser: Rizeková, Iveta, 1961-
Format: Buchkapitel
Sprache:Slowakisch
Schlagworte:
Tags: Tag hinzufügen
Keine Tags, Fügen Sie das erste Tag hinzu!

MARC

LEADER 00000nla a2200000 4500
001 0234567
005 20240502073813.4
041 0 |a slo 
044 |a SK 
245 1 0 |a Za moderný prístup k didaktike francúzskych reálií  |c Iveta Rizeková 
520 |a Francúzske reálie. Miesto reálií vo francúzskych učebniciach. Za nový prístup k didaktike reálií. Dotazníkový prieskum o výučbe francúzskych reálií. 
610 2 0 |a vzdelávanie 
610 2 0 |a vyučovanie 
610 2 0 |a didaktika 
610 2 0 |a reálie 
610 2 0 |a kultúra 
610 2 0 |a história 
610 2 0 |a francúzština 
610 2 0 |a Francúzsko 
100 1 |a Rizeková, Iveta, 1961-